From partners to parents : the second revolution in family law /

Bibliographic Details
Main Author: Carbone, June
Format: Book
Language:English
Published: New York : Columbia University Press, [2000]
Subjects:

MARC

Tag First Indicator Second Indicator Subfields
LEADER 00000pam a22000004a 4500
001 in00001572016
005 20151022081829.0
008 000107s2000 nyua g b 001 0 eng
010 |a  00020918  
020 |a 0231111169 (cloth : alk. paper) 
020 |a 0231111177 (pbk. : alk. paper) 
035 |a (OCoLC)ocm43287552 
040 |a DLC  |c DLC  |d TXA  |d UtOrBLW 
042 |a pcc 
043 |a n-us--- 
049 |a TXAM 
050 0 0 |a HQ535  |b .C253 2000 
082 0 0 |a 306.85/0973  |2 21 
100 1 |a Carbone, June. 
245 1 0 |a From partners to parents :  |b the second revolution in family law /  |c June Carbone. 
264 1 |a New York :  |b Columbia University Press,  |c [2000] 
264 4 |c ©2000 
300 |a xv, 341 pages :  |b illustrations ;  |c 24 cm. 
336 |a text  |b txt  |2 rdacontent 
337 |a unmediated  |b n  |2 rdamedia 
338 |a volume  |b nc  |2 rdacarrier 
504 |a Includes bibliographical references and index. 
650 0 |a Families  |z United States. 
650 0 |a Parent and child  |z United States. 
650 0 |a Domestic relations  |z United States. 
650 0 |a Parent and child (Law)  |z United States. 
948 |a cataloged  |b h  |c 2000/10/26  |d c  |e jgreene  |f 5:24:33 pm 
994 |a E0  |b TXA 
999 |a MARS 
999 f f |s a6034f2f-d2f6-327d-a9c5-115b3825bbfc  |i d062d7d3-a121-38ca-9237-b7663a5ebb94  |t 0 
952 f f |p ric  |a Texas A&M University  |b Rellis Campus  |c Joint Library Facility  |d Remote Storage  |t 0  |e HQ535 .C253 2000  |h Library of Congress classification  |i unmediated -- volume  |m A14826932476 
998 f f |a HQ535 .C253 2000  |t 0  |l Remote Storage